Offspring of empire (Registro nro. 184843)

Detalles MARC
000 -ENCABEZADO
Número de control [NR] 01136cad a2200265Ma 4500
005 - FECHA Y HORA DE LA ÚLTIMA TRANSACCIÓN
control field 20161116122350.0
008 - DE LONGITUD FIJA DE DATOS DE ELEMENTOS - INFORMACIÓN GENERAL
Elementos de longitud fija [NR] 040517s1991 xxuaob frn 001 0 eng d
020 ## - NUMERO INTERNACIONAL NORMALIZADO PARA LIBROS [R]
Número Internacional Normalizado del libro [NR] 9780295975337
040 ## - FUENTE DE CATALOGACION [NR]
Agencia de catalogación original [NR] Co-BoUCM
Idioma de catalogación [NR] eng
Quien Cataloga
Quien Clasifica Aldemar Mondragón
041 0# - CODIGO DE IDIOMA [R]
Código de idioma para texto/pista de sonido o título separado [R] Inglés
100 1# - ASIENTO PRINCIPAL--NOMBRE PERSONAL [NR]
Nombre personal [NR] Eckert, Carter J.
ID Autoridad 56880
245 10 - MENCION DE TITULO [NR]
Título [NR] Offspring of empire
Parte restante del título [NR] the Koch'ang Kims and the colonial origins of Korean capitalism, 1876-1945
Mención de responsabilidad, etc. [NR] Carter J. Eckert
260 ## - PUBLICACION, DISTRIBUCION, ETC. (PIE DE IMPRENTA) [R]
Lugar de publicación, distribución, etc. [R] Seattle (Washington D.C., Estados Unidos)
Nombre del editor, distribuidor, etc. [R] University of Washington Press
Fecha de publicación, distribución, etc. [R] 1991
300 ## - DESCRIPCION FISICA [R]
Extensión [R] xv, 388 páginas
Otros detalles físicos [NR] ilustraciones, mapas y fotos
Dimensiones [R] 24 cm.
490 1# - MENCION DE SERIE [R]
Mención de serie [R] Korean studies of the Henry M. Jackson School of International Studies
504 ## - NOTA DE BIBLIOGRAFIA, ETC. [R]
Nota de bibliografía, etc. [NR] Incluye referencias bibliográficas e índices
650 #7 - ASIENTO SECUNDARIO DE MATERIA - TERMINO TEMATICO [R]
Término temático o nombre geográfico como elemento de entrada [NR] Capitalismo
Subdivisión geográfica [R] Korea
Subdivisión general [R] Historia
9 (RLIN) 56884
650 #7 - ASIENTO SECUNDARIO DE MATERIA - TERMINO TEMATICO [R]
Término temático o nombre geográfico como elemento de entrada [NR] Empresarios
Subdivisión geográfica [R] Korea
Subdivisión general [R] Historia
9 (RLIN) 14107
650 #7 - ASIENTO SECUNDARIO DE MATERIA - TERMINO TEMATICO [R]
Término temático o nombre geográfico como elemento de entrada [NR] Política industrial
Subdivisión geográfica [R] Korea
Subdivisión general [R] Historia
9 (RLIN) 56883
651 #4 - ASIENTO SECUNDARIO DE MATERIA - NOMBRE GEOGRAFICO [R]
Nombre geográfico [NR] Korea
Subdivisión general [R] Historia
9 (RLIN) 56885
690 ## - ASUNTO AGREGADO LOCAL DE ENTRADA - TÉRMINO TEMÁTICO (OCLC, RLIN)
Acceso temático local Economía
710 2# - ASIENTO SECUNDARIO - NOMBRE CORPORATIVO [R]
Nombre corporativo o de jurisdicción como elemento de entrada [NR] American Council of Learned Societies
9 (RLIN) 56886
942 ## - ELEMENTOS DE ENTRADA AGREGADOS (KOHA)
Tema principal Economía
Tipo de ítem principal el descrito en 300a Libro
Edición 1
Parte restante de la signatura top. E191o
Sistema de clasificación DEWEY
Clasificación 338.9519
Existencias
Total préstamos Signatura topográfica Código de barras Última vez visto Ejemplar Costo de reposición Price effective from Tipo de ítem Perdido Dañado No prestable Tipo de ítem específico Suprimido Ubicación habitual Ubicación actual Localización Fecha de creación Proveedor Forma de adquisición Costo
  338.9519 E191o 100140318 04/12/2025 Ej.1 95000.00 28/01/2014 Libro       Libro   Claustro Claustro Mezanine 28/01/2014 23 Compra 95000.00